[Event "AUTO-MASTER-104"]
[Site "http://www.queenalice.com/game.php?id=102534"]
[Date "2006.9.4"]
[Round "2"]
[White "vincentlennon"]
[Black "salazar"]
[Result "0-1"]
[WhiteElo "1750"]
[BlackElo "2087"]

1. d4 f5 2. c4 e6 3. Nc3 Nf6 4. e3 Be7 5. Nf3 O-O 6. Bd3 b6 7. d5 Bb7 8. e4 fxe4
9. Bxe4 Nxe4 10. Nxe4 exd5 11. cxd5 d6 12. Nfg5 Bxg5 13. Bxg5 Qe8 14. f3 Rf5 15.
O-O Bxd5 16. Re1 Qc6 17. Bh4 Na6 18. a3 Re8 19. Rc1 Qa8 20. Nc3 Bb7 21. Qd3 Rfe5
22. Nb5 Rxe1+ 23. Bxe1 Qd8 24. Nxa7 Nc5 25. Qc4+ Kh8 26. b4 Ba6 27. Qc3 Nd3 28.
Rd1 c5 29. b5 Nxe1 30. bxa6 Nxg2 31. Kxg2 Re2+ 32. Kf1 Rxh2 33. Rd2 Rh1+ 34. Ke2
Qe7+ 35. Kd3 Qxa7 36. Qc4 h6 37. Re2 d5 38. Re8+ Kh7 39. Qb5 Ra1 40. a4 Qf7 41.
Re3 Qf5+ 42. Kc3 Rc1+ 0-1

[Event "AUTO-OPEN-196"]
[Site "http://www.queenalice.com/game.php?id=125031"]
[Date "2006.11.3"]
[Round "3"]
[White "Soncini"]
[Black "salazar"]
[Result "1/2-1/2"]
[WhiteElo "1988"]
[BlackElo "2073"]

1. d4 f5 2. Nc3 Nf6 3. Bg5 e6 4. e4 fxe4 5. Nxe4 Be7 6. Bxf6 Bxf6 7. c3 O-O 8.
Bd3 b6 9. Qh5 g6 10. Nxf6+ Qxf6 11. Qf3 Nc6 12. Qxf6 Rxf6 13. Ne2 Bb7 14. O-O
Raf8 15. f3 Ne7 16. Be4 Ba6 17. Rfe1 Nf5 18. Bxf5 exf5 19. Nf4 c6 20. Re7 R6f7
21. Rae1 Rd8 22. Kf2 Kf8 23. R7e5 g5 24. Nh5 d6 25. R5e3 c5 26. Rc1 f4 27. Re4
Bd3 28. Ree1 Bg6 29. g4 fxg3+ 30. Nxg3 g4 31. Re3 Re8 32. Rce1 Rxe3 33. Rxe3 Rf6
34. Kg2 gxf3+ 35. Rxf3 Rxf3 36. Kxf3 Ke7 37. dxc5 dxc5 38. Ne4 Ke6 39. Nd2 Kd5
40. Kf4 a5 41. Ke3 b5 42. Nb3 a4 43. Nc1 Ke5 1/2-1/2

[Event "AUTO-OPEN-196"]
[Site "http://www.queenalice.com/game.php?id=125032"]
[Date "2006.11.3"]
[Round "3"]
[White "salazar"]
[Black "Soncini"]
[Result "0-1"]
[WhiteElo "2126"]
[BlackElo "1976"]

1. e4 c6 2. d4 d6 3. Nc3 Nd7 4. Be3 e5 5. dxe5 dxe5 6. Nf3 Be7 7. Bd3 Ngf6 8.
O-O Qc7 9. a4 O-O 10. Bc4 Nc5 11. Ng5 h6 12. Nxf7 Rxf7 13. Bxf7+ Kxf7 14. Qf3
Bg4 15. Qg3 Bh5 16. f3 b6 17. Rfd1 Rd8 18. Rxd8 Bxd8 19. Bxc5 bxc5 0-1

[Event "AUTO-OPEN-196"]
[Site "http://www.queenalice.com/game.php?id=125033"]
[Date "2006.11.3"]
[Round "3"]
[White "gomery"]
[Black "salazar"]
[Result "1-0"]
[WhiteElo "1840"]
[BlackElo "2100"]

1. e4 e5 2. Nf3 Nc6 3. Bb5 a6 4. Ba4 Nf6 5. O-O b5 6. Bb3 Bc5 7. Re1 O-O 8. Nc3
d6 9. d3 Bg4 10. h3 Bh5 11. Bg5 h6 12. Bh4 Nd4 13. g4 Qd7 14. Nxd4 exd4 15. Nd5
Nxg4 16. hxg4 Bxg4 17. f3 Be6 18. Qe2 c6 19. Ne7+ Kh8 20. Bxe6 Qxe6 21. Nxc6
Rfe8 22. b4 Rac8 23. bxc5 Rxc6 24. cxd6 Qxd6 25. Qf2 Qf4 26. Re2 1-0

[Event "AUTO-OPEN-196"]
[Site "http://www.queenalice.com/game.php?id=125034"]
[Date "2006.11.3"]
[Round "3"]
[White "salazar"]
[Black "gomery"]
[Result "1-0"]
[WhiteElo "2126"]
[BlackElo "1817"]

1. e4 c6 2. d4 d5 3. Nc3 dxe4 4. Nxe4 Bf5 5. Ng3 Bg6 6. f4 h6 7. Bd3 Bxd3 8.
Qxd3 Nf6 9. Nf3 Nbd7 10. Ne5 Nxe5 11. fxe5 Nd5 12. c4 Nb6 13. a4 e6 14. O-O c5
15. a5 Nd7 16. Qf3 Rb8 17. Qxf7# 1-0

[Event "QA-ANNIV-02"]
[Site "http://www.queenalice.com/game.php?id=128269"]
[Date "2006.11.11"]
[Round "4"]
[White "Alsina"]
[Black "salazar"]
[Result "1-0"]
[WhiteElo "2377"]
[BlackElo "2129"]

1. d4 d5 2. Nf3 Nf6 3. c4 c6 4. Nc3 Bg4 5. Ne5 Bh5 6. Qb3 Qb6 7. Qxb6 axb6 8.
cxd5 cxd5 9. e3 Nc6 10. Bb5 Rc8 11. Na4 e6 12. Nxb6 Rc7 13. f3 Bd6 14. Bd2 O-O
15. Bxc6 bxc6 16. a4 Bxe5 17. dxe5 Nd7 18. Nxd7 Rxd7 19. b4 Bg6 20. Ke2 Ra8 21.
Rhc1 Rc7 22. b5 f6 23. b6 Rb7 24. a5 Be8 25. f4 fxe5 26. fxe5 h6 27. e4 Bd7 28.
Bb4 Be8 29. Ke3 dxe4 30. Rd1 Rc8 31. Bc5 1-0

[Event "AUTO-MASTER-230"]
[Site "http://www.queenalice.com/game.php?id=132072"]
[Date "2006.11.21"]
[Round "1"]
[White "salazar"]
[Black "vila1"]
[Result "1/2-1/2"]
[WhiteElo "2043"]
[BlackElo "1753"]

1. e4 c5 2. Nf3 d6 3. d4 cxd4 4. Nxd4 Nf6 5. Nc3 a6 6. f4 Nc6 7. Be3 e6 8. Be2
d5 9. exd5 Nxd5 10. Nxd5 exd5 11. Qd3 Be7 12. O-O O-O 13. Rad1 Nxd4 14. Bxd4 b5
15. f5 Bf6 16. Bxf6 Qxf6 17. Qxd5 Ra7 18. c3 Rd7 19. Qc5 Qe7 20. Qf2 Rxd1 21.
Bxd1 Qg5 22. Bc2 Rd8 23. Qe2 Bb7 24. Rd1 Rxd1+ 25. Bxd1 h6 26. Bc2 Qc1+ 27. Bd1
Be4 28. Qxe4 Qxd1+ 29. Kf2 Qd2+ 30. Qe2 Qf4+ 31. Qf3 Qd2+ 1/2-1/2

[Event "AUTO-MASTER-230"]
[Site "http://www.queenalice.com/game.php?id=132073"]
[Date "2006.11.21"]
[Round "1"]
[White "vila1"]
[Black "salazar"]
[Result "0-1"]
[WhiteElo "1770"]
[BlackElo "2031"]

1. c4 g6 2. f4 d6 3. Nc3 Bg7 4. Nf3 Nf6 5. d4 O-O 6. Be3 Ng4 7. Qd2 Nxe3 8. Qxe3
Nc6 9. a3 Bg4 10. h3 Bxf3 11. exf3 Nxd4 12. O-O-O c5 13. Bd3 Bh6 14. Nd5 e6 15.
Nc3 Qh4 16. Ne2 Nxe2+ 17. Qxe2 Bxf4+ 18. Kc2 Rad8 19. Be4 b6 20. Qe1 Qe7 21. g3
Be5 22. f4 Bd4 23. b4 a6 24. Kb3 Qd7 25. bxc5 bxc5 26. Qa5 d5 27. Bd3 Qb7+ 28.
Ka4 Rb8 29. Rb1 Qc6+ 30. Rb5 axb5+ 31. cxb5 Qd7 32. g4 Ra8 0-1

[Event "AUTO-MASTER-230"]
[Site "http://www.queenalice.com/game.php?id=132074"]
[Date "2006.11.21"]
[Round "1"]
[White "salazar"]
[Black "salso"]
[Result "0-1"]
[WhiteElo "2118"]
[BlackElo "1929"]

1. e4 c5 2. Nf3 Nc6 3. d4 d6 4. dxc5 dxc5 5. Qxd8+ Nxd8 6. Bc4 e6 7. O-O a6 8.
a4 b6 9. b3 Bb7 10. Nbd2 Nf6 11. Re1 Be7 12. Bb2 O-O 13. Be5 Nc6 14. Bc7 Bd8 15.
Bd6 Be7 16. Bc7 Bd8 17. Bf4 Nb4 18. Rac1 Na2 19. Ra1 Nb4 20. Bd3 Ne8 21. Nc4 f6
22. a5 Nxd3 23. cxd3 e5 24. Be3 b5 0-1

[Event "AUTO-MASTER-230"]
[Site "http://www.queenalice.com/game.php?id=132075"]
[Date "2006.11.21"]
[Round "1"]
[White "salso"]
[Black "salazar"]
[Result "1/2-1/2"]
[WhiteElo "1955"]
[BlackElo "2070"]

1. d4 Nf6 2. c4 c5 3. d5 e6 4. dxe6 fxe6 5. g3 Nc6 6. Bg2 g6 7. Nf3 Bg7 8. O-O
O-O 9. Nc3 b6 10. Bg5 Bb7 11. Qd6 Qc8 12. Rad1 Rf7 13. Bxf6 Bxf6 14. Ne4 Bg7 15.
Qd2 Qc7 16. Nd6 Re7 17. Nxb7 Qxb7 18. b3 Rd8 19. Qd6 Bf8 20. Ne5 Ree8 21. Qd2
Qc8 22. Nxc6 dxc6 23. Qe3 Rd6 24. Rxd6 Bxd6 25. Qe4 Rd8 26. Bh3 Re8 27. Rd1 Bf8
28. Bg2 Be7 29. Qxc6 Qxc6 30. Bxc6 Rd8 31. Rxd8+ Bxd8 32. Kg2 Bf6 33. Kf3 Kf7
34. Ke4 g5 35. f4 gxf4 36. gxf4 Ke7 1/2-1/2

[Event "QA-ANNIV-02"]
[Site "http://www.queenalice.com/game.php?id=150562"]
[Date "2007.1.5"]
[Round "5"]
[White "salazar"]
[Black "Pato"]
[Result "1-0"]
[WhiteElo "2109"]
[BlackElo "2024"]

1. e4 Nc6 2. Nf3 d6 3. d4 Bg4 4. Be2 Bxf3 5. Bxf3 e5 6. d5 Nce7 7. Nc3 Nf6 8.
Be3 Ng6 9. Qd2 Be7 10. O-O-O O-O 11. g3 c5 12. h4 Re8 13. h5 Nf8 14. g4 b5 15.
Nxb5 Qb6 16. Na3 Reb8 17. b3 a5 18. Nc4 Qc7 19. a4 Rb4 20. Qd3 N6d7 21. Bd2 Rb7
22. Be2 h6 23. Qg3 Nh7 24. f4 exf4 25. Bxf4 Bg5 26. Bxg5 Nxg5 27. Nxd6 c4 28.
Bxc4 Nb6 29. e5 Nxc4 30. Nxc4 Rb4 31. d6 Qd7 32. Rhe1 Rxc4 33. bxc4 Qxa4 34. Qb3
Qd7 35. Rg1 a4 36. Qa3 Rb8 37. Rd5 Ne6 38. Rf1 Rc8 39. Qb4 a3 40. Qxa3 Rxc4 41.
Ra5 Rc8 42. Ra8 Rxa8 43. Qxa8+ Nf8 44. Rd1 Qxg4 45. c3 Qf4+ 46. Rd2 Qxe5 47. Qf3
Qa5 48. Qc6 Ne6 49. Qc4 Qxh5 50. Qxe6 fxe6 51. d7 1-0

[Event "QA-ANNIV-02"]
[Site "http://www.queenalice.com/game.php?id=183839"]
[Date "2007.3.17"]
[Round "6"]
[White "frauber"]
[Black "salazar"]
[Result "1-0"]
[WhiteElo "1925"]
[BlackElo "2065"]

1. d4 Nf6 2. c4 c5 3. d5 e6 4. Nc3 exd5 5. cxd5 d6 6. e4 g6 7. f4 Ng4 8. Bb5+
Bd7 9. Qxg4 Bxb5 10. Nxb5 Qa5+ 11. Nc3 Bg7 12. Ne2 Nd7 13. O-O O-O 14. a4 Nf6
15. Qf3 1-0